[Event "19. Obert Int. Sant Marti 2017"]
[Site "Barcelona ESP"]
[Date "2017.07.21"]
[Round "9.46"]
[White "Gil Quilez, Sonia"]
[Black "Minguell Soler, Joan"]
[Result "0-1"]
[WhiteElo "2158"]
[BlackElo "2021"]
[PlyCount "98"]
[EventDate "2017.07.13"]
[EventType "swiss"]
[EventRounds "9"]
[EventCountry "ESP"]
[SourceTitle "Ajedrez en Madrid"]
[Source "lmi"]
[SourceDate "2017.07.13"]
[SourceVersion "1"]
[SourceVersionDate "2019.06.21"]
[SourceQuality "1"]

1. d4 Nf6 2. Bg5 e6 3. e4 h6 4. Bxf6 Qxf6 5. c3 d6 6. Bd3 Nd7 7. Ne2 g6 8. O-O
Bg7 9. f4 Qe7 10. e5 O-O 11. Nd2 Nb6 12. Qc2 Bd7 13. Rf3 Rac8 14. Ne4 Nd5 15.
a3 b5 16. Rh3 h5 17. Rf1 Bc6 18. Ng5 Nxf4 19. Rxf4 Qxg5 20. Rg3 Qe7 21. Bxg6
fxg6 22. Qxg6 dxe5 23. dxe5 Rcd8 24. Rxf8+ Rxf8 25. Nd4 Bd5 26. Qxh5 Qf7 27.
Qxf7+ Kxf7 28. Re3 a6 29. h4 Bh6 30. Re2 Rg8 31. Rf2+ Ke7 32. Kh2 Be3 33. Re2
Bf4+ 34. Kg1 Bg3 35. h5 Rg5 36. h6 Rh5 37. b3 Rxh6 38. c4 bxc4 39. bxc4 Bxc4
40. Rc2 Bd5 41. Rxc7+ Kd8 42. Rc5 Kd7 43. Nf3 Rh5 44. Ra5 Bc4 45. Ra4 Bb5 46.
Rd4+ Kc7 47. Rd6 Bc4 48. Nd4 Rxe5 49. Rc6+ Kb7 0-1

[Event "19. Obert Int. Sant Marti 2017"]
[Site "Barcelona ESP"]
[Date "2017.07.21"]
[Round "9.47"]
[White "Amer, Said Salim Al Maash"]
[Black "Gardela Batlle, Jordi"]
[Result "1-0"]
[WhiteElo "2025"]
[BlackElo "2151"]
[PlyCount "71"]
[EventDate "2017.07.13"]
[EventType "swiss"]
[EventRounds "9"]
[EventCountry "ESP"]
[SourceTitle "Ajedrez en Madrid"]
[Source "lmi"]
[SourceDate "2017.07.13"]
[SourceVersion "1"]
[SourceVersionDate "2019.06.21"]
[SourceQuality "1"]

1. e4 c5 2. Nf3 e6 3. d4 cxd4 4. Nxd4 Nf6 5. Nc3 d6 6. g3 Be7 7. Bg2 O-O 8. O-O
a6 9. a4 Qc7 10. Be3 Nc6 11. Nxc6 bxc6 12. a5 Nd7 13. Na4 Rb8 14. Nb6 Bb7 15.
f4 c5 16. Nxd7 Qxd7 17. Bxc5 f5 18. Bd4 Bxe4 19. Bxe4 fxe4 20. Qe2 Bf6 21. Bxf6
gxf6 22. b3 Qa7+ 23. Kg2 f5 24. Rfd1 d5 25. Qd2 Rfc8 26. Rac1 Rb5 27. c4 Rxb3
28. cxd5 Rxc1 29. Qxc1 Rd3 30. Qc8+ Kg7 31. Rb1 Kg6 32. Qxe6+ Kg7 33. Rb6 Rd2+
34. Kh3 Qc7 35. Rc6 Qd8 36. Rc8 1-0

[Event "19. Obert Int. Sant Marti 2017"]
[Site "Barcelona ESP"]
[Date "2017.07.21"]
[Round "9.48"]
[White "Meertens, Martin"]
[Black "Minko, Dmitry"]
[Result "1/2-1/2"]
[WhiteElo "2123"]
[BlackElo "1987"]
[PlyCount "45"]
[EventDate "2017.07.13"]
[EventType "swiss"]
[EventRounds "9"]
[EventCountry "ESP"]
[SourceTitle "Ajedrez en Madrid"]
[Source "lmi"]
[SourceDate "2017.07.13"]
[SourceVersion "1"]
[SourceVersionDate "2019.06.21"]
[SourceQuality "1"]

1. e4 e5 2. Nf3 Nc6 3. Bb5 Nf6 4. O-O Nxe4 5. d4 Nd6 6. Bxc6 dxc6 7. dxe5 Nf5
8. Qxd8+ Kxd8 9. h3 Be7 10. Nc3 Be6 11. Ng5 Bxg5 12. Bxg5+ Kc8 13. Rad1 h6 14.
Bc1 Ne7 15. Rfe1 b6 16. g4 Kb7 17. a3 c5 18. f4 g6 19. Kf2 Kc6 20. Be3 Rad8 21.
Rxd8 Rxd8 22. Rd1 Rxd1 23. Nxd1 1/2-1/2

[Event "19. Obert Int. Sant Marti 2017"]
[Site "Barcelona ESP"]
[Date "2017.07.21"]
[Round "9.49"]
[White "Meza Ponce, Jerry"]
[Black "Llados Clos, Jaume"]
[Result "1-0"]
[WhiteElo "2116"]
[BlackElo "1801"]
[PlyCount "45"]
[EventDate "2017.07.13"]
[EventType "swiss"]
[EventRounds "9"]
[EventCountry "ESP"]
[SourceTitle "Ajedrez en Madrid"]
[Source "lmi"]
[SourceDate "2017.07.13"]
[SourceVersion "1"]
[SourceVersionDate "2019.06.21"]
[SourceQuality "1"]

1. e4 Nf6 2. e5 Nd5 3. d4 d6 4. Nf3 dxe5 5. Nxe5 c6 6. c4 Nb6 7. Nc3 g6 8. Be2
Bg7 9. O-O O-O 10. Be3 N8d7 11. Nf3 Nf6 12. h3 Bf5 13. a4 a5 14. Qb3 Qc7 15.
Rfd1 Rad8 16. d5 Nc8 17. Nd4 Bd7 18. Bf3 Nd6 19. dxc6 bxc6 20. Bf4 c5 21. Ndb5
Bxb5 22. axb5 Nd7 23. Nd5 1-0

[Event "19. Obert Int. Sant Marti 2017"]
[Site "Barcelona ESP"]
[Date "2017.07.21"]
[Round "9.50"]
[White "Manush, Shah"]
[Black "Ruperez, Miguel"]
[Result "1-0"]
[WhiteElo "2016"]
[BlackElo "2103"]
[PlyCount "131"]
[EventDate "2017.07.13"]
[EventType "swiss"]
[EventRounds "9"]
[EventCountry "ESP"]
[SourceTitle "Ajedrez en Madrid"]
[Source "lmi"]
[SourceDate "2017.07.13"]
[SourceVersion "1"]
[SourceVersionDate "2019.06.21"]
[SourceQuality "1"]

1. d4 Nf6 2. Nf3 e6 3. Bf4 d5 4. e3 c5 5. c3 Nc6 6. Nbd2 Bd6 7. Bxd6 Qxd6 8.
Bb5 O-O 9. O-O Ne7 10. Bd3 c4 11. Bc2 b5 12. e4 dxe4 13. Nxe4 Nxe4 14. Bxe4 Rb8
15. Re1 h6 16. Ne5 Bb7 17. Qe2 Bxe4 18. Qxe4 Nd5 19. Qf3 b4 20. Nxc4 Qc7 21.
Ne3 bxc3 22. Nxd5 exd5 23. bxc3 Rfc8 24. Rac1 Rb5 25. g3 Ra5 26. Rc2 Qc4 27.
Re7 Rf8 28. Rce2 Rxa2 29. Rxf7 Ra1+ 30. Kg2 Rxf7 31. Re8+ Kh7 32. Qxf7 Qf1+ 33.
Kf3 Ra6 34. Qf5+ Rg6 35. Re6 Qd1+ 36. Kg2 Qg4 37. Qxg4 Rxg4 38. Ra6 Rg6 39.
Rxa7 Rc6 40. Rd7 Rxc3 41. Rxd5 Kg6 42. Rd7 Kf6 43. d5 g6 44. g4 h5 45. gxh5
gxh5 46. d6 Rd3 47. Rd8 h4 48. h3 Kf7 49. d7 Ke7 50. Rh8 Kxd7 51. Rxh4 Ke6 52.
Rf4 Ke5 53. Rf8 Ke6 54. h4 Ke7 55. Rf3 Rd1 56. h5 Rd5 57. h6 Rg5+ 58. Rg3 Rh5
59. Rh3 Rg5+ 60. Kf3 Rg8 61. h7 Rh8 62. Rh6 Kf7 63. Kf4 Kg7 64. Kg5 Kf7 65. Ra6
Rf8 66. Rf6+ 1-0

[Event "19. Obert Int. Sant Marti 2017"]
[Site "Barcelona ESP"]
[Date "2017.07.21"]
[Round "9.51"]
[White "Lacasta Palacio, Joaquim"]
[Black "Rakshitta, Ravi"]
[Result "1/2-1/2"]
[WhiteElo "2092"]
[BlackElo "1974"]
[PlyCount "93"]
[EventDate "2017.07.13"]
[EventType "swiss"]
[EventRounds "9"]
[EventCountry "ESP"]
[SourceTitle "Ajedrez en Madrid"]
[Source "lmi"]
[SourceDate "2017.07.13"]
[SourceVersion "1"]
[SourceVersionDate "2019.06.21"]
[SourceQuality "1"]

1. e4 e5 2. Nf3 Nc6 3. Nc3 Nf6 4. Bb5 Bb4 5. O-O O-O 6. d3 d6 7. Bg5 Bxc3 8.
bxc3 Ne7 9. Re1 Ng6 10. d4 h6 11. Bc1 c6 12. Bf1 Re8 13. Qd3 d5 14. dxe5 Nxe4
15. c4 Bg4 16. cxd5 cxd5 17. Bb2 Bxf3 18. Qxf3 Nxe5 19. Qf5 Qc7 20. Rad1 Rad8
21. f3 Nc3 22. Rd4 Qc5 23. Bxc3 Qxc3 24. Red1 g6 25. Qf4 Qxc2 26. Qxh6 Qc5 27.
Kh1 Qf8 28. Qd2 Nc6 29. Rh4 d4 30. Bb5 Qg7 31. h3 d3 32. Bxc6 bxc6 33. Qa5 Rd5
34. Qxa7 d2 35. Re4 Rxe4 36. fxe4 Rd3 37. Qa8+ Kh7 38. Qxc6 Qd4 39. Qd5 Qe3 40.
Qxf7+ Kh6 41. Qf8+ Kh7 42. Qe7+ Kh6 43. Qh4+ Kg7 44. a4 Rc3 45. Qe7+ Kh6 46.
Qh4+ Kg7 47. Qe7+ 1/2-1/2

[Event "19. Obert Int. Sant Marti 2017"]
[Site "Barcelona ESP"]
[Date "2017.07.21"]
[Round "9.52"]
[White "Gandhi, Anish"]
[Black "Chernikov, Vladimir"]
[Result "1-0"]
[WhiteElo "2012"]
[BlackElo "2079"]
[PlyCount "103"]
[EventDate "2017.07.13"]
[EventType "swiss"]
[EventRounds "9"]
[EventCountry "ESP"]
[SourceTitle "Ajedrez en Madrid"]
[Source "lmi"]
[SourceDate "2017.07.13"]
[SourceVersion "1"]
[SourceVersionDate "2019.06.21"]
[SourceQuality "1"]

1. e4 a6 2. d4 b5 3. Bd3 Bb7 4. f4 e6 5. Nf3 c5 6. c3 d5 7. e5 Nc6 8. a3 Qb6 9.
Be3 Nh6 10. Nbd2 Ng4 11. Bg1 h5 12. h3 Nh6 13. Bf2 g6 14. dxc5 Bxc5 15. Bxc5
Qxc5 16. Qe2 Nf5 17. Bxf5 gxf5 18. Nb3 Qc4 19. Nbd4 Rg8 20. Rg1 Kd7 21. Nxc6
Bxc6 22. Nd4 Qxe2+ 23. Kxe2 Rg3 24. Kf2 Rag8 25. Rae1 Kc7 26. Re3 R3g7 27. Rd3
a5 28. Re3 Kb6 29. Rd3 Kc7 30. Nf3 Rb8 31. Rd4 Kb6 32. Ng5 Rh8 33. Rgd1 Rb8 34.
R1d3 Rh8 35. Rg3 Rhg8 36. Rdd3 Kc5 37. b4+ axb4 38. cxb4+ Kb6 39. Nh7 Rxg3 40.
Rxg3 Rc8 41. Nf6 h4 42. Rd3 Rd8 43. g3 d4 44. gxh4 Be4 45. Rd2 Kc6 46. h5 Ra8
47. h6 Rxa3 48. h7 Rxh3 49. Rxd4 Rh2+ 50. Kg3 Rg2+ 51. Kh3 Rg1 52. Rd2 1-0

[Event "19. Obert Int. Sant Marti 2017"]
[Site "Barcelona ESP"]
[Date "2017.07.21"]
[Round "9.53"]
[White "Anuj, Shrivatri"]
[Black "Fuentes Godoy, Lilia Ivonne"]
[Result "1/2-1/2"]
[WhiteElo "1920"]
[BlackElo "2069"]
[PlyCount "107"]
[EventDate "2017.07.13"]
[EventType "swiss"]
[EventRounds "9"]
[EventCountry "ESP"]
[SourceTitle "Ajedrez en Madrid"]
[Source "lmi"]
[SourceDate "2017.07.13"]
[SourceVersion "1"]
[SourceVersionDate "2019.06.21"]
[SourceQuality "1"]

1. d4 d5 2. c4 e6 3. Nf3 c6 4. g3 f5 5. Bg2 Bd6 6. O-O Nf6 7. b3 Qe7 8. Nbd2
O-O 9. Bb2 a5 10. Ne5 Nbd7 11. Ndf3 Ne4 12. Nd3 b6 13. Nfe5 Bb7 14. Rc1 Rac8
15. Re1 Rfd8 16. e3 Bxe5 17. dxe5 dxc4 18. bxc4 Ndc5 19. Ba3 Rc7 20. Bf1 Qf7
21. Nxc5 Rxd1 22. Rexd1 Qe8 23. Nxe4 fxe4 24. Bd6 Rd7 25. c5 bxc5 26. Rxc5 Qh5
27. Rd2 a4 28. Bg2 Qf5 29. Rc4 c5 30. Rxc5 g5 31. Rc4 a3 32. Rc3 Rd8 33. Rxa3
Rc8 34. h3 g4 35. h4 Rc1+ 36. Kh2 Bd5 37. Ra7 Rc8 38. Rb2 Qh5 39. a4 Qe8 40.
Ra6 Qd7 41. Bf1 Rc1 42. Rb8+ Kg7 43. Bb5 Bc6 44. Bf8+ Kg6 45. Rxc6 Rxc6 46. Rb6
Qf7 47. Bxc6 Qxf2+ 48. Kh1 Qf1+ 49. Kh2 Qf2+ 50. Kh1 Qf3+ 51. Kh2 Qe2+ 52. Kh1
Qe1+ 53. Kh2 Qf2+ 54. Kh1 1/2-1/2

[Event "19. Obert Int. Sant Marti 2017"]
[Site "Barcelona ESP"]
[Date "2017.07.21"]
[Round "9.54"]
[White "David, Bogdan-Emanuel"]
[Black "Krithigga, K."]
[Result "1-0"]
[WhiteElo "2062"]
[BlackElo "1848"]
[PlyCount "123"]
[EventDate "2017.07.13"]
[EventType "swiss"]
[EventRounds "9"]
[EventCountry "ESP"]
[SourceTitle "Ajedrez en Madrid"]
[Source "lmi"]
[SourceDate "2017.07.13"]
[SourceVersion "1"]
[SourceVersionDate "2019.06.21"]
[SourceQuality "1"]

1. e4 c6 2. d4 d5 3. e5 Bf5 4. Nf3 e6 5. Be2 c5 6. Be3 Nd7 7. Nbd2 Ne7 8. dxc5
Nc6 9. Nb3 Bg6 10. O-O Ndxe5 11. Nxe5 Nxe5 12. Bb5+ Nc6 13. Nd4 Rc8 14. c4 Be7
15. Qa4 Qd7 16. cxd5 exd5 17. Nxc6 bxc6 18. Ba6 Rd8 19. Bd4 O-O 20. b4 f5 21.
f4 Bf6 22. Bxf6 Rxf6 23. Rae1 Re8 24. Bd3 Rfe6 25. Rxe6 Qxe6 26. Qc2 Qf6 27.
Kh1 Re3 28. b5 cxb5 29. c6 Rxd3 30. c7 Rc3 31. c8=Q+ Rxc8 32. Qxc8+ Qf8 33. Qd7
Qc5 34. Rd1 Bf7 35. Qxf5 g6 36. Qe5 a5 37. f5 gxf5 38. Qxf5 Qe3 39. Rf1 Qe6 40.
Qg5+ Qg6 41. Qd8+ Kg7 42. Qxa5 Qd3 43. Qe1 Qe4 44. Qg3+ Bg6 45. Re1 Qf5 46. h3
Qf6 47. a3 d4 48. Qe5 d3 49. Kg1 Bf7 50. Qxf6+ Kxf6 51. Kf2 Bc4 52. Ke3 Kg5 53.
g3 h5 54. Rc1 Be6 55. Rc5+ Kg6 56. Rxb5 Bxh3 57. Rd5 Bf1 58. a4 Kh6 59. a5 Kg6
60. a6 d2 61. Rxd2 Bxa6 62. Rd6+ 1-0

[Event "19. Obert Int. Sant Marti 2017"]
[Site "Barcelona ESP"]
[Date "2017.07.21"]
[Round "9.55"]
[White "Molano Lafuente, Ismael"]
[Black "Guix Torres, David"]
[Result "1/2-1/2"]
[WhiteElo "2004"]
[BlackElo "2055"]
[PlyCount "42"]
[EventDate "2017.07.13"]
[EventType "swiss"]
[EventRounds "9"]
[EventCountry "ESP"]
[SourceTitle "Ajedrez en Madrid"]
[Source "lmi"]
[SourceDate "2017.07.13"]
[SourceVersion "1"]
[SourceVersionDate "2019.06.21"]
[SourceQuality "1"]

1. e4 c5 2. Na3 g6 3. h4 h5 4. c3 Nf6 5. d3 Nc6 6. Nh3 d5 7. Ng5 Bg7 8. Qe2 e5
9. g3 Bg4 10. f3 Bd7 11. Bg2 dxe4 12. dxe4 O-O 13. O-O Qe7 14. Be3 b6 15. Rfd1
Rad8 16. Rd2 Bc8 17. Rad1 Rxd2 18. Rxd2 Rd8 19. Bf1 Nh7 20. Qd1 Nxg5 21. Bxg5
Bf6 1/2-1/2

[Event "19. Obert Int. Sant Marti 2017"]
[Site "Barcelona ESP"]
[Date "2017.07.21"]
[Round "9.56"]
[White "Perez Garcia, Adria"]
[Black "Niklesh, Kumar Jain"]
[Result "1-0"]
[WhiteElo "2123"]
[BlackElo "1822"]
[PlyCount "77"]
[EventDate "2017.07.13"]
[EventType "swiss"]
[EventRounds "9"]
[EventCountry "ESP"]
[SourceTitle "Ajedrez en Madrid"]
[Source "lmi"]
[SourceDate "2017.07.13"]
[SourceVersion "1"]
[SourceVersionDate "2019.06.21"]
[SourceQuality "1"]

1. d4 Nf6 2. c4 e6 3. Nf3 d5 4. e3 b6 5. b3 Bb7 6. Bb2 Bb4+ 7. Bc3 Bxc3+ 8.
Nxc3 O-O 9. Bd3 c5 10. dxc5 bxc5 11. O-O Nc6 12. Na4 Qe7 13. cxd5 exd5 14. Rc1
Ne4 15. Nd2 Nb4 16. Bb1 Rac8 17. a3 Na6 18. Bxe4 dxe4 19. Qe2 Rfd8 20. Rfd1 Rd3
21. Nb2 Rd6 22. Ndc4 Rg6 23. g3 Rf8 24. Rd2 Bc8 25. Qh5 f5 26. Rcd1 Rh6 27. Qe2
Nc7 28. Rd6 Rxd6 29. Rxd6 Rd8 30. Rxd8+ Qxd8 31. Kf1 Ba6 32. Ke1 Qf6 33. Qd2
Bxc4 34. Nxc4 Qe7 35. Qd6 Kf8 36. Qc6 g6 37. Nd6 Qe5 38. Qxc7 Qa1+ 39. Ke2 1-0

[Event "19. Obert Int. Sant Marti 2017"]
[Site "Barcelona ESP"]
[Date "2017.07.21"]
[Round "9.57"]
[White "Boixader Arbo, Xavier"]
[Black "Hernandez Requena, Francesc"]
[Result "1-0"]
[WhiteElo "2099"]
[BlackElo "1807"]
[PlyCount "65"]
[EventDate "2017.07.13"]
[EventType "swiss"]
[EventRounds "9"]
[EventCountry "ESP"]
[SourceTitle "Ajedrez en Madrid"]
[Source "lmi"]
[SourceDate "2017.07.13"]
[SourceVersion "1"]
[SourceVersionDate "2019.06.21"]
[SourceQuality "1"]

1. e4 e5 2. Nf3 Nc6 3. Nc3 Nf6 4. d4 exd4 5. Nxd4 d6 6. Bc4 Be7 7. O-O O-O 8.
Re1 Ne5 9. Bb3 c5 10. Nf5 Bxf5 11. exf5 c4 12. Ba4 a6 13. Be3 b5 14. Nxb5 axb5
15. Bxb5 Ne8 16. f4 Nc7 17. fxe5 Nxb5 18. f6 Bxf6 19. exf6 Qxf6 20. a4 Nc7 21.
Bd4 Qf5 22. b4 Ne6 23. Bc3 d5 24. Re5 Qg6 25. Rxd5 Nf4 26. Rd2 Rad8 27. Qf3
Rxd2 28. Bxd2 Ne6 29. Qc3 Qg4 30. Be3 Rb8 31. h3 Qg3 32. Bd2 Qd6 33. Be3 1-0

[Event "19. Obert Int. Sant Marti 2017"]
[Site "Barcelona ESP"]
[Date "2017.07.21"]
[Round "9.59"]
[White "Dougas Chavarria, Nestor"]
[Black "Alcala Valiente, Juan Carlos"]
[Result "1-0"]
[WhiteElo "1871"]
[BlackElo "1987"]
[PlyCount "91"]
[EventDate "2017.07.13"]
[EventType "swiss"]
[EventRounds "9"]
[EventCountry "ESP"]
[SourceTitle "Ajedrez en Madrid"]
[Source "lmi"]
[SourceDate "2017.07.13"]
[SourceVersion "1"]
[SourceVersionDate "2019.06.21"]
[SourceQuality "1"]

1. e4 c5 2. g3 Nc6 3. Bg2 g6 4. Ne2 Bg7 5. c3 e5 6. d3 Nge7 7. O-O d5 8. Qc2
O-O 9. f4 Be6 10. Be3 d4 11. Bf2 c4 12. Rd1 Rc8 13. dxc4 Bxc4 14. cxd4 Bxe2 15.
Qxe2 Nxd4 16. Bxd4 exd4 17. Na3 Qb6 18. Qb5 Qxb5 19. Nxb5 Rc2 20. Nxd4 Bxd4+
21. Rxd4 Rxb2 22. Rd7 Nc6 23. e5 Rc8 24. Rc1 Kg7 25. Bd5 Nxe5 26. Rxc8 Nxd7 27.
Rc7 Nb6 28. Rxf7+ Kh6 29. Rxb7 Rd2 30. Bb3 Rd7 31. Rxd7 Nxd7 32. Kf2 Nf6 33.
Kf3 Kg7 34. g4 h6 35. g5 Ne8 36. Ke4 Nd6+ 37. Kd5 Nf5 38. Kc6 Nd4+ 39. Kb7 Ne2
40. gxh6+ Kxh6 41. Kxa7 Nc3 42. a4 Nxa4 43. Bxa4 Kg7 44. Bc2 Kf6 45. Bxg6 Kxg6
46. h4 1-0

[Event "19. Obert Int. Sant Marti 2017"]
[Site "Barcelona ESP"]
[Date "2017.07.21"]
[Round "9.60"]
[White "Al, Ansi Amin"]
[Black "Vigo Allepuz, David"]
[Result "1/2-1/2"]
[WhiteElo "1948"]
[BlackElo "2104"]
[PlyCount "56"]
[EventDate "2017.07.13"]
[EventType "swiss"]
[EventRounds "9"]
[EventCountry "ESP"]
[SourceTitle "Ajedrez en Madrid"]
[Source "lmi"]
[SourceDate "2017.07.13"]
[SourceVersion "1"]
[SourceVersionDate "2019.06.21"]
[SourceQuality "1"]

1. e4 e6 2. Nc3 d5 3. Nf3 Nf6 4. e5 Nfd7 5. d4 c5 6. Nb5 Nc6 7. c3 cxd4 8. cxd4
f6 9. exf6 Nxf6 10. Bd3 a6 11. Nc3 Bd6 12. O-O O-O 13. Re1 Qc7 14. h3 Bd7 15.
Bg5 Rae8 16. Bxf6 gxf6 17. Rc1 Kh8 18. Nh4 f5 19. Qh5 Rg8 20. Nxd5 exd5 21.
Bxf5 Rxe1+ 22. Rxe1 Bxf5 23. Nxf5 Bf8 24. Re8 Qf4 25. Qf7 Qc1+ 26. Kh2 Qf4+ 27.
Kg1 Qc1+ 28. Kh2 Qf4+ 1/2-1/2

[Event "19. Obert Int. Sant Marti 2017"]
[Site "Barcelona ESP"]
[Date "2017.07.21"]
[Round "9.62"]
[White "Sama Salinas, Alejandro"]
[Black "Jijo, Joy"]
[Result "1-0"]
[WhiteElo "2000"]
[BlackElo "1647"]
[PlyCount "95"]
[EventDate "2017.07.13"]
[EventType "swiss"]
[EventRounds "9"]
[EventCountry "ESP"]
[SourceTitle "Ajedrez en Madrid"]
[Source "lmi"]
[SourceDate "2017.07.13"]
[SourceVersion "1"]
[SourceVersionDate "2019.06.21"]
[SourceQuality "1"]

1. d4 d6 2. Nf3 g6 3. g3 Bg7 4. Bg2 f5 5. O-O Nf6 6. c4 O-O 7. Nc3 Nc6 8. b3
Ne4 9. Bb2 Nxc3 10. Bxc3 e5 11. dxe5 dxe5 12. Qxd8 Rxd8 13. Ng5 h6 14. Bd5+ Kf8
15. Nf7 Rd7 16. Bxc6 Rxf7 17. Bb4+ Kg8 18. Bd5 a5 19. Bc3 c6 20. Bxf7+ Kxf7 21.
f4 exf4 22. Bxg7 Kxg7 23. Rxf4 Be6 24. Rd1 a4 25. b4 a3 26. Rd2 b5 27. cxb5
cxb5 28. Rf3 Ra4 29. Kf2 Bc4 30. Ke1 Kf6 31. Kf2 Kg7 32. Rc2 Kf6 33. Rfc3 Ke5
34. Ke3 g5 35. Rxc4 bxc4 36. Rxc4 Ra7 37. Rc5+ Kf6 38. Rc6+ Ke5 39. Rxh6 f4+
40. gxf4+ gxf4+ 41. Kd3 Rd7+ 42. Kc3 Rc7+ 43. Kb3 Rd7 44. Kxa3 Rd2 45. Rh8 Kd4
46. Rd8+ Ke3 47. Rxd2 Kxd2 48. b5 1-0

[Event "19. Obert Int. Sant Marti 2017"]
[Site "Barcelona ESP"]
[Date "2017.07.21"]
[Round "9.63"]
[White "Monroy G., Nataly A."]
[Black "Vazquez Moreno, Josep M"]
[Result "1-0"]
[WhiteElo "1947"]
[BlackElo "1991"]
[PlyCount "51"]
[EventDate "2017.07.13"]
[EventType "swiss"]
[EventRounds "9"]
[EventCountry "ESP"]
[SourceTitle "Ajedrez en Madrid"]
[Source "lmi"]
[SourceDate "2017.07.13"]
[SourceVersion "1"]
[SourceVersionDate "2019.06.21"]
[SourceQuality "1"]

1. d4 Nf6 2. Nf3 d6 3. c4 Nbd7 4. Nc3 e5 5. e4 Be7 6. g3 O-O 7. Bg2 c6 8. O-O
Re8 9. b3 Qc7 10. Bb2 Nf8 11. h3 Ng6 12. Qc2 a6 13. Rfd1 h5 14. c5 exd4 15.
cxd6 Bxd6 16. Nxd4 h4 17. Nf5 Bf8 18. Ne2 hxg3 19. Nexg3 Ne5 20. f4 Ned7 21. e5
Nh7 22. Nd6 Re6 23. Ngf5 g6 24. Bd5 gxf5 25. Bxe6 fxe6 26. Qg2+ 1-0

[Event "19. Obert Int. Sant Marti 2017"]
[Site "Barcelona ESP"]
[Date "2017.07.21"]
[Round "9.64"]
[White "Advait, Bagri"]
[Black "Di Chiara, Mauro"]
[Result "1-0"]
[WhiteElo "1772"]
[BlackElo "1964"]
[PlyCount "91"]
[EventDate "2017.07.13"]
[EventType "swiss"]
[EventRounds "9"]
[EventCountry "ESP"]
[SourceTitle "Ajedrez en Madrid"]
[Source "lmi"]
[SourceDate "2017.07.13"]
[SourceVersion "1"]
[SourceVersionDate "2019.06.21"]
[SourceQuality "1"]

1. e4 g6 2. d4 Bg7 3. Nc3 d6 4. Be3 Nf6 5. Qd2 O-O 6. f3 c6 7. Bd3 b5 8. Nge2
Nbd7 9. O-O a6 10. Nd1 e5 11. c3 d5 12. Nf2 Re8 13. Ng3 Bb7 14. Rae1 Rc8 15. b4
exd4 16. cxd4 Nb6 17. e5 Nfd7 18. Ng4 Nc4 19. Bxc4 dxc4 20. Ne4 f5 21. Nd6 fxg4
22. Nxb7 Qc7 23. Nd6 gxf3 24. gxf3 Red8 25. Nxc8 Qxc8 26. Bg5 Re8 27. Qf4 Nb6
28. Qe4 Qd7 29. f4 h6 30. Bh4 Qg4+ 31. Bg3 Nd5 32. a3 Re6 33. f5 gxf5 34. Rxf5
Qxe4 35. Rxe4 Nc3 36. Rg4 Kh7 37. Kf1 Rg6 38. Rxg6 Kxg6 39. Rf3 Nd5 40. Bh4 Kh5
41. Bd8 Kg6 42. Ke2 h5 43. e6 Bf6 44. Bxf6 Nxf6 45. e7 Ne8 46. Rf8 1-0

[Event "19. Obert Int. Sant Marti 2017"]
[Site "Barcelona ESP"]
[Date "2017.07.21"]
[Round "9.65"]
[White "Claramunt Bassegoda, Marcel"]
[Black "Severri Arrese, Carlos"]
[Result "1-0"]
[WhiteElo "1977"]
[BlackElo "1904"]
[PlyCount "75"]
[EventDate "2017.07.13"]
[EventType "swiss"]
[EventRounds "9"]
[EventCountry "ESP"]
[SourceTitle "Ajedrez en Madrid"]
[Source "lmi"]
[SourceDate "2017.07.13"]
[SourceVersion "1"]
[SourceVersionDate "2019.06.21"]
[SourceQuality "1"]

1. e4 c5 2. Nc3 Nc6 3. f4 g6 4. Nf3 Bg7 5. Bc4 e6 6. O-O Nge7 7. d3 O-O 8. Qe1
d5 9. Bb3 Na5 10. f5 Nxb3 11. axb3 exf5 12. Bg5 f6 13. Bd2 Re8 14. Qf2 b6 15.
Rfe1 d4 16. Nb5 a6 17. Qg3 fxe4 18. dxe4 Rf8 19. Bf4 Bb7 20. Nc7 Qd7 21. Nxa8
Rxa8 22. e5 Nd5 23. exf6 Bxf6 24. Ne5 Qf5 25. Nd3 Nxf4 26. Qxf4 Qd5 27. Qg4 Kh8
28. Nf4 Qf5 29. Qxf5 gxf5 30. Re6 Bg5 31. Rxb6 Be4 32. Nd3 Be3+ 33. Kf1 f4 34.
Rbxa6 Rg8 35. Ne1 Rf8 36. Re6 f3 37. Rxe4 fxg2+ 38. Kxg2 1-0

[Event "19. Obert Int. Sant Marti 2017"]
[Site "Barcelona ESP"]
[Date "2017.07.21"]
[Round "9.66"]
[White "Mateu Farre, Josep Maria"]
[Black "Lorenzo Martinez, Ruben"]
[Result "1-0"]
[WhiteElo "1974"]
[BlackElo "1490"]
[PlyCount "99"]
[EventDate "2017.07.13"]
[EventType "swiss"]
[EventRounds "9"]
[EventCountry "ESP"]
[SourceTitle "Ajedrez en Madrid"]
[Source "lmi"]
[SourceDate "2017.07.13"]
[SourceVersion "1"]
[SourceVersionDate "2019.06.21"]
[SourceQuality "1"]

1. e4 c5 2. Nf3 Nc6 3. d4 cxd4 4. Nxd4 g6 5. c4 Bg7 6. Be3 Nf6 7. Nc3 O-O 8.
Be2 a6 9. O-O e6 10. c5 d5 11. cxd6 Qxd6 12. Nxc6 Qxc6 13. f3 b5 14. Rc1 Qd7
15. Qb3 Qe7 16. a4 bxa4 17. Nxa4 Qb7 18. Qxb7 Bxb7 19. Rc7 Bc8 20. Nb6 Rb8 21.
Nxc8 Rbxc8 22. Rxc8 Rxc8 23. Bxa6 Rb8 24. Rb1 Rb3 25. Bc1 Nd7 26. Bc4 Rb4 27.
b3 Nc5 28. Ba3 Bd4+ 29. Kf1 Rb8 30. b4 Kg7 31. b5 Rb6 32. Be2 Na4 33. Rb4 Nc3
34. Rxd4 Nxe2 35. Kxe2 Rxb5 36. Rb4 Ra5 37. Bb2+ Kf8 38. Bf6 Ra8 39. Rd4 Ke8
40. e5 h5 41. g4 hxg4 42. fxg4 Kf8 43. Rd8+ Rxd8 44. Bxd8 Kg7 45. h4 Kh7 46.
Kf3 Kg7 47. Kf4 Kh6 48. Bf6 Kh7 49. Kg5 Kg8 50. Kh6 1-0

[Event "19. Obert Int. Sant Marti 2017"]
[Site "Barcelona ESP"]
[Date "2017.07.21"]
[Round "9.67"]
[White "De Urquiza, Sebastian"]
[Black "Brunet Gil, Pol"]
[Result "0-1"]
[WhiteElo "1902"]
[BlackElo "1906"]
[PlyCount "60"]
[EventDate "2017.07.13"]
[EventType "swiss"]
[EventRounds "9"]
[EventCountry "ESP"]
[SourceTitle "Ajedrez en Madrid"]
[Source "lmi"]
[SourceDate "2017.07.13"]
[SourceVersion "1"]
[SourceVersionDate "2019.06.21"]
[SourceQuality "1"]

1. e4 c5 2. Nf3 Nc6 3. Nc3 e5 4. Bc4 Be7 5. Nd5 Nf6 6. d3 O-O 7. O-O d6 8. h3
h6 9. c3 Be6 10. Be3 Rb8 11. a4 a6 12. Nh2 b5 13. axb5 axb5 14. Bb3 Qd7 15. f4
exf4 16. Bxf4 Bxd5 17. exd5 Ne5 18. d4 Ng6 19. dxc5 Nxf4 20. Rxf4 dxc5 21. c4
Qc7 22. Rf2 bxc4 23. Bxc4 Ne4 24. Re2 Ng3 25. Rc2 Bf6 26. Rb1 Bd4+ 27. Rf2 Ne4
28. Ng4 Nxf2 29. Nxf2 Bxf2+ 30. Kxf2 Qf4+ 0-1